Malignant catarrhal fever in Asian livestock

Spremljeno u:
Bibliografski detalji
Glavni autor: Daniels, P. W.
Format: Knjiga
Jezik:Undetermined
Izdano: Caberra Australian center for international agricultural research 1998
Teme:
Oznake: Dodaj oznaku
Bez oznaka, Budi prvi tko označuje ovaj zapis!
Thư viện lưu trữ: Trung tâm Học liệu Trường Đại học Cần Thơ
LEADER 00622nam a2200181Ia 4500
001 CTU_126013
008 210402s9999 xx 000 0 und d
082 |a 636.089 
082 |b D186 
100 |a Daniels, P. W. 
245 0 |a Malignant catarrhal fever in Asian livestock 
245 0 |c P. W.Daniels, Sudarisman, Purnomo Ronohardjo 
260 |a Caberra 
260 |b Australian center for international agricultural research 
260 |c 1998 
650 |a Livestock poisoning plants,Veterinary toxicology,Độc tố học thú y 
904 |i Hiếu 
980 |a Trung tâm Học liệu Trường Đại học Cần Thơ